| 000 | 00317nam a22001217a 4500 | ||
|---|---|---|---|
| 005 | 20250802095601.0 | ||
| 008 | 250802b |||||||| |||| 00| 0 eng d | ||
| 020 |
_a9780521665674 _qpbk |
||
| 082 |
_a510.76 _bGAR |
||
| 100 | _aTony Gardiner | ||
| 245 |
_aSenior Mathematical Challenge _cTony Gardiner |
||
| 942 | _cENGLISH | ||
| 999 |
_c578349 _d578349 |
||